Mario - Statystyki

Ogólne statystyki
  • Ten quiz został rozwiązany 44 razy
  • Średni wynik to 2 z 6
Statystyki odpowiedzi
Hint Odpowiedź % Poprawnych
Car Mario kart 8
52%
Nie umie strzelać Mecz piłki nożnej 2
43%
Debil Mecz piłki nożnej
35%
Rolla koopa derby Super Mario bros wander
35%
Break free Super Mario Odyssey
30%
Not bowser Super Mario maker 2
26%
Nie znaleziono quizów pasujących do podanych kryteriów
Rozkład punktacji
Procent ludzi z każdym wynikiem
Percentyl według liczby udzielonych odpowiedzi
Twoja historia wyników
Nie rozwiązałeś tego quizu